000 00282nam a22001217a 4500
008 170825b xxu||||| |||| 00| 0 eng d
041 _aeng
080 _a070
100 _a40
101 _aMED
245 _aTHE SPEAKERS TOASTMASTERS HANDBOOK
_cFROCHNOW.H.V
942 _2udc
_cBK
999 _c25005
_d25005